All things-even Frisky / (Record no. 7557)

MARC details
000 -LEADER
fixed length control field 01302nam a22002537a 4500
001 - CONTROL NUMBER
control field 7557
003 - CONTROL NUMBER IDENTIFIER
control field FISKH
005 - DATE AND TIME OF LATEST TRANSACTION
control field 20250724094904.0
008 - FIXED-LENGTH DATA ELEMENTS--GENERAL INFORMATION
fixed length control field 250724b cb ||||| |||| 00| 0 eng d
040 ## - CATALOGING SOURCE
Original cataloging agency FISKH
Language of cataloging eng
Transcribing agency FISKH
Modifying agency FISKH
050 ## - LIBRARY OF CONGRESS CALL NUMBER
Classification number PZ7.N833 A
082 ## - DEWEY DECIMAL CLASSIFICATION NUMBER
Classification number 428.6281
100 ## - MAIN ENTRY--PERSONAL NAME
Personal name Nordtvedt, Matilda
245 ## - TITLE STATEMENT
Title All things-even Frisky /
Statement of responsibility, etc. by Matilda Nordtvedt
260 ## - PUBLICATION, DISTRIBUTION, ETC.
Place of publication, distribution, etc. Chicago :
Name of publisher, distributor, etc. Moody Press,
Date of publication, distribution, etc. 1973.
300 ## - PHYSICAL DESCRIPTION
Extent 180 pages :
Other physical details color illustrations ;
Dimensions 26 cm
505 ## - FORMATTED CONTENTS NOTE
Formatted contents note R<br/>
520 ## - SUMMARY, ETC.
Summary, etc. This heartwarming Christian children's story follows the journey of Kara, a young girl who deeply desires a pet of her own. Her wish comes true when she receives Frisky, a mischievous little dog full of energy and personality. Through the ups and downs of caring for Frisky—including some challenging and emotional moments—Kara learns important lessons about love, responsibility, obedience, faith, and trusting God.<br/><br/>The story beautifully weaves together Christian values and everyday life experiences, showing young readers how God cares for them in all things—even the little things like a beloved pet.
521 8# - TARGET AUDIENCE NOTE
Target audience note 660<br/>
Source Lexile estimate<br/>
521 8# - TARGET AUDIENCE NOTE
Target audience note R<br/>
Source Raz-Plus<br/>
650 ## - SUBJECT ADDED ENTRY--TOPICAL TERM
Topical term or geographic name entry element Dogs
Form subdivision Children's Fiction
General subdivision Elementary Reader
942 ## - ADDED ENTRY ELEMENTS (KOHA)
Source of classification or shelving scheme Dewey Decimal Classification
Koha item type Books
Suppress in OPAC No
Holdings
Withdrawn status Lost status Source of classification or shelving scheme Damaged status Not for loan Collection Home library Current library Shelving location Date acquired Total Checkouts Full call number Barcode Date last seen Copy number Price effective from Koha item type
    Dewey Decimal Classification     Juvenile Fiction Footprints International School Library Network Toul Kork Campus Footprints International School Library Network Toul Kork Campus TK Primary Library Room(4th Floor), Bookcase 5&6, Shelves 33-56, Orange Books 07/24/2025   NOR 428.6281 PZ7.N833 A 2025-2798 07/24/2025 1 07/24/2025 Books